000 00871nam a2200217Ia 4500
999 _c29645
_d29645
003 OSt
005 20210204120111.0
008 160316s2011 xxu||||| |||| 00| 0 eng d
020 _a9788183874472
040 _c.
082 _a343.055 RED
_bRED
100 _aReddy M Raghava
245 _aSales tax system in India
260 _aNew Delhi
_bSerials Publications
_c2011
300 _a223p
_cxi
365 _bRs. 795
505 _aCONTENTS Preface; Acknowledgements; l. Introduction; 2. Evolution of Sales Tax in India ; 3. Theoretical Aspects of Sales Taxation; 4. Structure of Sales Taxation; 5. Growth of Sales Tax Revenue; 6. Buoyancy and Determinants of Sales Tax Revenue; 7. Summary and Conclusions; Bibliography ; Appendix
650 _a1.Tax - Taxation - Sales Tax Laws - India2.Sales Tax Law - Commentary
700 _a
_a
942 _2ddc
_cBK